Quantum mechanics: special chapters. (Record no. 162338)

MARC details
000 -LEADER
fixed length control field 00436nam a2200157Ia 4500
008 - FIXED-LENGTH DATA ELEMENTS--GENERAL INFORMATION
fixed length control field 210423s2011 xx 000 0 und d
020 ## - INTERNATIONAL STANDARD BOOK NUMBER
International Standard Book Number 9788184890358
041 ## - LANGUAGE CODE
Language code of text/sound track or separate title eng
082 ## - DEWEY DECIMAL CLASSIFICATION NUMBER
Classification number 530.12 GREW
100 ## - MAIN ENTRY--PERSONAL NAME
Personal name GREINER (Walter).
245 ## - TITLE STATEMENT
Title Quantum mechanics: special chapters.
260 ## - PUBLICATION, DISTRIBUTION, ETC.
Place of publication, distribution, etc. New York
Name of publisher, distributor, etc. Springer Verlag
Date of publication, distribution, etc. 2011
300 ## - PHYSICAL DESCRIPTION
Extent xvii,378
Other physical details PB
365 ## - TRADE PRICE
Price amount 995
Currency code INR
906 ## - LOCAL DATA ELEMENT F, LDF (RLIN)
a chapters. ; mechanics: ; Quantum ; special
Holdings
Withdrawn status Lost status Damaged status Not for loan Collection code Home library Current library Date acquired Source of acquisition Cost, normal purchase price Total Checkouts Full call number Barcode Date last seen Price effective from Koha item type
        Physics St Aloysius PG Library St Aloysius PG Library 06/22/2013 Athulya Books 995.00   530.12 GREW PG008831 08/24/2022 04/26/2021 Book